02308cab a2200265Ia 4500001000800000003000600008008004100014040000800055041001300063100002000076240009500096245009200191246008400283300001400367504002500381520131800406546002301724650002201747650002301769650003601792650002101828700001701849773009701866856007901963u188020SIRSI101219s2006 ua ss b eng d aEAL aengbara1 aElbatawi, I. E.10aArab universities journal of agricultural sciences, 2006 v. 14 (2)h[electronic resource].12aA new technique for grape inspection and sorting classificationh[electronic resource].15aأستخدام التقنية الحديثة في فحص وفرز العنب. ap.555-573 aIncludes references. aSorting and classification of fruits are the main problem specially for Superior and King Ruby varieties which represent more than 50% of grape production in Egypt. A usual procedure to carry out this task is based on human visual inspection considering general fruit attributes like color, size, shape, fmnness and sugar content of grape cluster. Color contains important information about fruit status and in some cases it is decisive for fruit quality differences. This paper provides a new technique to investigate the applicability of color classification, sugar content and fll11lness of grape. Standard RGB color chart, artificial neural network and a potential of nearinfrared (NIR) reflectance as a means for nondestructive measurements of grape firmness and sugar content were used. NIR spectral data were collected from the two varieties of grape in the spectral region between 800 nm and 1700 nm. Statistical models were developed using the partial least square method to predict the finnness and sugar content ofgrape. The models gave relatively good predictions ofthe firmness of both Superior and King Ruby, with corresponding r values of 0.80 and 0.65. The NIR models gave excellent prediction for grape sugar content with values of 0.71 % and 0.65 % Brix for Superior and King Ruby, respectively. aSummary in Arabic. 0aGrapesxBreeding. 0aGrapesxVarieties. 0aGrapesxPostharvest technology. 0aGrapesxGrading.1 aEbaid, M. T.0 tArab universities journal of agricultural sciences. g2006.v.14(2)x1110-26757nnaswu11837440uhttp://nile.enal.sci.eg/EALE/2006/AUJAS/1406/2/555.pdfzFull Text Article.